ՀՀ Գիտությունների ազգային ակադեմիայի հիմնարար գիտական գրադարան  =   Fundamental Scientific Library of NAS RA

Антропогенное воздействие на водные ресурсы Якутии : (Record no. 116869)

MARC details
000 -LEADER
fixed length control field 00917nam a2200193 u 4500
001 - CONTROL NUMBER
control field 000315118
003 - CONTROL NUMBER IDENTIFIER
control field AM-YeHGA
005 - DATE AND TIME OF LATEST TRANSACTION
control field 20250617130418.0
008 - FIXED-LENGTH DATA ELEMENTS--GENERAL INFORMATION
fixed length control field 040304s1984 ||||||||||||||||||||rus d
040 ## - CATALOGING SOURCE
Original cataloging agency AM-YeHGA
041 0# - LANGUAGE CODE
Language code of text/sound track or separate title rus
090 ## - LOCALLY ASSIGNED LC-TYPE CALL NUMBER (OCLC); LOCAL CALL NUMBER (RLIN)
-- 118216
245 00 - TITLE STATEMENT
Title Антропогенное воздействие на водные ресурсы Якутии :
Remainder of title Сборник научных трудов /
Statement of responsibility, etc. АН СССР. Сиб. отд-ние. Якут. филиал. Ин-т физико-технических проблем Севера ; Отв. ред. А.П. Шадрин.
260 ## - PUBLICATION, DISTRIBUTION, ETC.
Place of publication, distribution, etc. Якутск :
Name of publisher, distributor, etc. Изд-во Якут. фил. СО АН СССР,
Date of publication, distribution, etc. 1984.
300 ## - PHYSICAL DESCRIPTION
Extent 70 с.
650 14 - SUBJECT ADDED ENTRY--TOPICAL TERM
Topical term or geographic name entry element Земельная экономика
700 1# - ADDED ENTRY--PERSONAL NAME
Personal name Шадрин, А.П.
Relator term ред.
Relationship edt
710 0# - ADDED ENTRY--CORPORATE NAME
Corporate name or jurisdiction name as entry element Институт физико-технических проблем Севера СО АН СССР
Holdings
Withdrawn status Lost status Source of classification or shelving scheme Damaged status Not for loan Collection Home library Current library Date acquired Total checkouts Full call number Barcode Date last seen Price effective from Koha item type Public note
    Universal Decimal Classification     General Fundamental Scientific Library Fundamental Scientific Library 22/12/2016   PII/537769 FL0161228 22/12/2016 22/12/2016 Գրքեր / Books 30 Days Loan
    Universal Decimal Classification     General Fundamental Scientific Library Fundamental Scientific Library 22/12/2016   PII/540385 FL0157030 22/12/2016 22/12/2016 Գրքեր / Books 30 Days Loan


ՀՀ ԳԱԱ հիմնարար գիտական գրադարան
ՀՀ,Երևան 0019
Մարշալ Բաղրամյան 24/6
հեռախոս:(374-10) 52-47-50
Հետադարձ կապ

All site content, except where otherwise noted, is licensed under a
Creative Commons License